| 000 | 01064aam a2200433a 44500 | ||
|---|---|---|---|
| 008 | 000907s2000 cat | ||
| 017 | _aB-49697-1999 | ||
| 020 | _a8429746331 | ||
| 041 | _acat | ||
| 041 | _beng | ||
| 041 | _bspa | ||
| 080 | _a504(038) | ||
| 100 |
_aAragó i Gassiot, J.R. _969815 |
||
| 245 | _aDiccionari de ciències ambientals | ||
| 245 | _cJ.R Aragó i Gassiot | ||
| 260 | _aBarcelona | ||
| 260 | _bEdicions 62 | ||
| 260 | _c2000 | ||
| 300 |
_a311 p. _c19 cm. |
||
| 365 | _b1.635 | ||
| 365 | _cptes | ||
| 490 |
_aEl Cangur. Diccionaris; _v282 |
||
| 500 | _aBibliografia. Índex | ||
| 500 | _aRemissions | ||
| 520 | _aaprox. 2.500 | ||
| 546 | _acatalà | ||
| 591 | _a6676 | ||
| 592 | _aObra terminològica | ||
| 593 | _aDN | ||
| 594 | _a6676 | ||
| 650 |
_amedi ambient _960842 |
||
| 830 |
_aEl Cangur. Diccionaris; _v282 _967295 |
||
| 901 | _c<2000> | ||
| 902 | _a000907 | ||
| 942 |
_cMO _n0 |
||
| 999 |
_c59431 _d59431 |
||